Statystyki dla Federacje krajowe należące do CONMEBOL

Kliknij tutaj aby rozwiązać quiz!

Ogólne statystyki

  • Ten quiz został rozwiązany 33 razy
  • Średni wynik to 10 z 10

Statystyki odpowiedzi

Federacja/Państwo% Poprawnych
Boliwia
100%
Brazylia
100%
Chile
100%
Urugwaj
100%
Argentyna
97%
Kolumbia
97%
Paragwaj
93%
Peru
93%
Wenezuela
93%
Ekwador
90%

Rozkład punktacji

Percentyl według liczby udzielonych odpowiedzi

Procent ludzi z każdym wynikiem

Twoja historia wyników

Nie rozwiązałeś tego quizu